000
00291nam a22001337a 4500
008
171127b xxu||||| |||| 00| 0 eng d
020
_a
9780395960080
041
_a
eng
080
_2
5 ED
_a
070
100
_a
39
101
_a
MED
245
_a
PUBLIC SPEAKING
_c
OSBORN,M
942
_2
udc
_c
BK
999
_c
38563
_d
38563